|
|
|
|
| LEADER |
00969nam a2200229 i 4500 |
| 001 |
c000245238 |
| 003 |
CARM |
| 005 |
00000000000000.0 |
| 008 |
840311s1950 cau 0 eng d |
| 019 |
1 |
|
|a 4164085
|5 LACONCORD2021
|
| 035 |
|
|
|a (OCoLC)155097160
|5 LACONCORD2021
|
| 082 |
0 |
4 |
|a 329.971
|
| 100 |
1 |
|
|a McHenry, Dean Eugene,
|d 1910-
|
| 245 |
1 |
4 |
|a The third force in Canada :
|b the Cooperative Commonwealth Federation, 1932-1948.
|
| 260 |
|
|
|a Berkeley :
|b University of California Press,
|c 1950.
|
| 300 |
|
|
|a vii, 351 p. :
|b 23 cm.
|
| 500 |
|
|
|a "Second in a series on labour parties functioning within the British Commonwealth of Nations".
|
| 500 |
|
|
|a Bibliography: p.327-334.
|
| 610 |
2 |
0 |
|a Co-operative Commonwealth Federation.
|
| 852 |
8 |
|
|b CARM
|h A2:AO33G0
|i B07652
|p 0337831
|f BK
|
| 999 |
f |
f |
|i 65aeeb58-aa89-5f8b-9ff3-af7e8ffd515c
|s 6e43d246-5ba4-547d-b159-cd7ae9030c1b
|
| 952 |
f |
f |
|p Can circulate
|a CAVAL
|b CAVAL
|c CAVAL
|d CARM 1 Store
|e B07652
|f A2:AO33G0
|h Other scheme
|i book
|m 0337831
|